| 000 | 00492nam a2200169Ia 4500 | ||
|---|---|---|---|
| 008 | 230718s9999 xx 000 0 und d | ||
| 020 | _a9789352135653 | ||
| 041 | _aeng | ||
| 082 |
_a519.502 _bBRU |
||
| 100 |
_aBruce P. _9200713 |
||
| 245 |
_aPractical Statistics For Data Scientists _b50 Essential Concepts |
||
| 260 |
_c2017 _bO'Reilly/SPD |
||
| 300 | _a298 | ||
| 365 |
_cRs. _b925.00 |
||
| 700 |
_aBruce P. & Bruce A. _9200714 |
||
| 906 |
_dO:0591506-Mar-2018B:419715-Feb-2018 _cCOMP _b185 |
||
| 999 |
_c347118 _d347118 |
||